| Tag |
First Indicator |
Second Indicator |
Subfields |
| LEADER |
00000cam a2200000Mi 4500 |
| 001 |
in00005480430 |
| 006 |
m o u |
| 007 |
cr |n|---uuuuu |
| 008 |
200205s2020 enk o ||| 0 eng d |
| 005 |
20240917163239.8 |
| 035 |
|
|
|a (OCoLC)on1143480625
|
| 040 |
|
|
|a UKAMD
|b eng
|c UKAMD
|d OCLCO
|
| 035 |
|
|
|a (OCoLC)1143480625
|
| 049 |
|
|
|a TXAM
|
| 245 |
0 |
0 |
|a Writings and Speeches, 1944-1946 and n.d.
|g 1944-1946.
|
| 264 |
|
1 |
|a Marlborough, Wiltshire :
|b Adam Matthew Digital,
|c 2020.
|
| 300 |
|
|
|a 1 online resource.
|
| 336 |
|
|
|a text
|b txt
|2 rdacontent
|
| 337 |
|
|
|a computer
|b c
|2 rdamedia
|
| 338 |
|
|
|a online resource
|b cr
|2 rdacarrier
|
| 490 |
1 |
|
|a AM Scholar: World War Two Studies.
|
| 500 |
|
|
|a AMDigital Reference: Oversize Box 73.
|
| 534 |
|
|
|p Reproduction of:
|t Writings and Speeches, 1944-1946 and date of publication not identified
|c 1944-1946.
|
| 535 |
1 |
|
|a William R. Perkins Library, Duke University
|
| 542 |
|
|
|f Material sourced from The William R. Perkins Library, Duke University
|
| 588 |
0 |
|
|a Description based on online resource (viewed on February 5, 2020).
|
| 655 |
|
7 |
|a Electronic books.
|2 local
|
| 710 |
2 |
|
|a Adam Matthew Digital (Firm),
|e digitiser.
|
| 830 |
|
0 |
|a AM Scholar: World War Two Studies.
|
| 856 |
4 |
0 |
|u http://proxy.library.tamu.edu/login?url=https://www.amscholar.amdigital.co.uk/Documents/Details/J_A_SERIES1_PART4_REEL75_VOL11
|z Connect to the full text of this electronic book
|t 0
|
| 955 |
|
|
|a Adam Matthew Scholar World War Two Studies
|
| 994 |
|
|
|a 92
|b TXA
|
| 999 |
f |
f |
|s ccd298fb-e911-4e49-864c-cffd1d05dc1d
|i 5a91d4da-edd6-4db0-bdd7-d3ff812f24c7
|t 0
|
| 952 |
f |
f |
|a Texas A&M University
|b College Station
|c Electronic Resources
|d Available Online
|t 0
|h Library of Congress classification
|
| 998 |
f |
f |
|t 0
|l Available Online
|